00318nam a2200109Ia 4500008004000000082001700040100002500057245005700082260004400139300001100183650001400194210210b1992 xxu||||| |||| 00| 0 eng d a796.358 DIRE aDIRECTOR'S SPECIAL . aDirector's special book of cricketing contraversies. aCalcutta.bRitam Communications.,c1992 a152,xv aCricket